BIBLIOTECA

SENCICO

Concrete and Masonry: Techniques and Design (Registro nro. 973)

Detalles MARC
000 -LEADER
fixed length control field 00593nam a2200241Ia 4500
005 - DATE AND TIME OF LATEST TRANSACTION
control field 20251020182455.0
008 - FIXED-LENGTH DATA ELEMENTS--GENERAL INFORMATION
fixed length control field 200515s9999 xx 000 0 und d
020 ## - INTERNATIONAL STANDARD BOOK NUMBER
International Standard Book Number 0-87909-149-5
082 ## - DEWEY DECIMAL CLASSIFICATION NUMBER
Classification number 624.012.6/C86
100 ## - MAIN ENTRY--PERSONAL NAME
Personal name Cristoforo, R. J. De
245 #0 - TITLE STATEMENT
Title Concrete and Masonry: Techniques and Design
260 ## - PUBLICATION, DISTRIBUTION, ETC.
Place of publication, distribution, etc. Virginia
260 ## - PUBLICATION, DISTRIBUTION, ETC.
Name of publisher, distributor, etc. RESTON PUBLISHING COMPANY
260 ## - PUBLICATION, DISTRIBUTION, ETC.
Date of publication, distribution, etc. 1975
300 ## - PHYSICAL DESCRIPTION
Extent 368 p.
300 ## - PHYSICAL DESCRIPTION
Other physical details il., tbl., graf.
500 ## - GENERAL NOTE
General note 1 ejemplar
650 ## - SUBJECT ADDED ENTRY--TOPICAL TERM
Topical term or geographic name entry element ALBAÑILERIA
650 ## - SUBJECT ADDED ENTRY--TOPICAL TERM
Topical term or geographic name entry element BLOQUES DE CONCRETO
650 ## - SUBJECT ADDED ENTRY--TOPICAL TERM
Topical term or geographic name entry element CONCRETO
942 ## - ADDED ENTRY ELEMENTS (KOHA)
Koha item type Libros
Existencias
Fecha de la última vez que lo usaron Pago total Signatura topográfica completa Código de barras Precio efectivo desde Tipo de documento Estado perdido Estado dañado No es para préstamo Retirado Ubicación permanente Ubicación actual Fecha de adquisición
15/05/2020   624.012.6/C86 Bib-Lima15050973 15/05/2020 Libros         Biblioteca Central Lima Biblioteca Central Lima 15/05/2020